Discurso leido en la Asociación Democrática sobre Castelar literato y orador / (Record no. 166846)

MARC details
000 -LEADER
campo de control de longitud fija 00724nam a22001815i 4500
001 - NÚMERO DE CONTROL
campo de control 166846
003 - IDENTIFICADOR DE NÚMERO DE CONTROL
campo de control ES-MaACL
005 - FECHA Y HORA DE LA ÚLTIMA TRANSACCIÓN
campo de control 20240510063136.0
008 - DATOS DE LONGITUD FIJA--INFORMACIÓN GENERAL
campo de control de longitud fija 050920s1900 sp | |||||||| ||spa d
040 ## - FUENTE DE CATALOGACIÓN
Centro catalogador/agencia de origen CAM
Lengua de catalogación spa
Centro/agencia transcriptor CAM
100 1# - ENTRADA PRINCIPAL--NOMBRE DE PERSONA
Nombre de persona Val, Mariano Miguel de,
Fechas asociadas al nombre 1875-1912
9 (RLIN) 112429
245 10 - MENCIÓN DEL TÍTULO
Título Discurso leido en la Asociación Democrática sobre Castelar literato y orador /
Mención de responsabilidad, etc. por Mariano Miguel de Val.
260 ## - PUBLICACIÓN, DISTRIBUCIÓN, ETC.
Lugar de publicación, distribución, etc. Madrid :
Nombre del editor, distribuidor, etc. [s.n.],
Fecha de publicación, distribución, etc. 1900 (
Fabricante Tipografía Moderna)
300 ## - DESCRIPCIÓN FÍSICA
Extensión 15 p. ;
Dimensiones 20 cm.
600 14 - PUNTO DE ACCESO ADICIONAL DE MATERIA--NOMBRE DE PERSONA
Nombre de persona Castelar, Emilio,
Fechas asociadas al nombre 1832-1899
9 (RLIN) 36479
852 ## - LOCALIZACIÓN
Ubicación ES-MaACL
Número de control de estantería T-1012-F-2
Nota libre -- Enc. hol. conservando la cub. original
-- -- Donativo del autor
-- -- Enc. en un vol. facticio
Holdings
Estatus retirado Estado de pérdida Estado de daño No para préstamo Colección Biblioteca de origen Biblioteca actual Ubicación en estantería Fecha de adquisición Fuente de adquisición Total de préstamos Signatura topográfica completa Código de barras Visto por última vez Precio de reemplazo Tipo de ítem Koha
        Colección de folletos Biblioteca del Ateneo de Madrid Biblioteca del Ateneo de Madrid Depósito folletos 17/01/2008     T-1012-F-2 1175012 23/02/2023 23/02/2023 Folleto